000 00289nam a2200109Ia 4500
005 20251222114359.0
008 251222s1900||||xx |||||||||||||| ||spa||
082 _aDVD0092/S25Ch/2006
245 0 _aLa Mamita de Chapi.
264 _bCastillejo, Christian. Salas Delgado, Raúl.
942 _cDVD
999 _c1548
_d1548